| 000 | 00543 a2200157 4500 | ||
|---|---|---|---|
| 999 |
_c343 _d343 |
||
| 008 | 221025b ||||| |||| 00| 0 eng d | ||
| 020 | _a9780750669443 | ||
| 082 | 0 | 0 |
_a623.862 _bM7263 |
| 100 |
_aMolland, Anthony F. _95341 |
||
| 245 |
_aMarine rudders and control surfaces: principles, design, data and applications / _cAnthony F. Molland, and Stephen R. Turnock |
||
| 260 |
_aBurlington: _bButterworth-Heinemann, _c2011. |
||
| 300 | _axvii, 420 p. | ||
| 650 | 0 |
_aShips _xHydrodynamics |
|
| 700 |
_95342 _aTurnock, Stephen R. |
||
| 942 |
_2ddc _cBK |
||